000 00875cam a22001934a 4500
005 20250605163556.0
008 250528s ||||||||||||||||||||||||d
035 _a22040
020 _a9789600348101
040 _aGR-AtMCL
_bgre
_dGR-AtMCL
_eAACR2
245 1 _aΘΕΡΑΠΕΙΑ ΖΕΥΓΟΥΣ / ΨΥΧΟΘΕΡΑΠΕΥΤΙΚΕΣ ΠΡΟΣΕΓΓΙΣΕΙΣ ΑΠΟ ΤΗΝ ΨΥΧΑΝΑΛΥΤΙΚΗ, ΤΗ ΣΥΜΠΕΡΙΦΟΡΙΚΗ ΚΑΙ ΤΗ ΣΥΣΤΗΜΙΚΗ ΟΠΤΙΚΗ
250 _a1
260 _bΚαστανιώτη
_bΣυλλογικο,
_c2008
300 _a317
520 _aΜΕ ΚΕΙΜΕΝΑ ΤΩΝ: Ν.ΒΑΪΔΑΚΗ, Μ.ΓΙΩΣΑΦΑΤ, Χ.ΔΗΜΗΤΡΚΟΠΟΥΛΟΥ, Ε.ΙΩΑΝΝΟΒΙΤΣ, Κ.ΠΑΠΑΣΤΑΜΑΤΗ, Β.ΠΟΜΙΝΙ, Δ.ΡΗΓΑ, Β.ΤΟΜΑΡΑ, Κ.ΧΑΡΑΛΑΜΠΑΚΗ
942 _cBK
999 _c7096
_d7096